| 000 | 00586nam a2200157 i 4500 | ||
|---|---|---|---|
| 001 | 63541 | ||
| 003 | ES-MaACL | ||
| 007 | t| | ||
| 008 | 031211s1981 sp ||||1| spa d | ||
| 020 | _a84-7484-022-8 | ||
| 100 | 1 |
_aFerrero Corral, José M. _950555 |
|
| 245 | 1 | 0 |
_aInstrumentación electrónica _b: captadores de señal / _cJosé M. Ferrero Corral. |
| 260 |
_aMadrid : _bUniversidad Politécnica, Escuela Técnica Superior de Ingenieros Industriales, Sección de Publicaciones, Cátedra de Electrónica, _c1981. |
||
| 300 |
_a166 p. ; _c30 cm. |
||
| 852 |
_aES-MaACL _jL-9577 _bR.111970 |
||
| 999 |
_c63541 _d63541 |
||